[Event "Monarch Assurance Isle of Man 14th"]
[Site "Port Erin IOM"]
[Date "2005.09.30"]
[Round "7.46"]
[White "Marks, Ian A"]
[Black "McKenzie, Mark"]
[Result "1-0"]
[WhiteElo "1889"]
[BlackElo "1249"]
[PlyCount "65"]
[EventDate "2005.09.24"]
[EventType "swiss"]
[EventRounds "9"]
[EventCountry "IOM"]

1. e4 e5 2. Nf3 Nc6 3. Bb5 a6 4. Ba4 Nf6 5. d3 Bc5 6. c3 O-O 7. Bxc6 dxc6 8.
Nxe5 Re8 9. Nf3 Ng4 10. O-O Nxf2 11. Rxf2 Bxf2+ 12. Kxf2 Bg4 13. Bf4 Rc8 14. h3
Rxe4 15. Qd2 Bxf3 16. dxe4 Bxe4 17. Qxd8+ Rxd8 18. Nd2 Bg6 19. Nc4 f6 20. Re1
Rd7 21. Na5 Bf7 22. b3 Rd3 23. c4 b5 24. cxb5 cxb5 25. Rc1 g5 26. Be3 Rd7 27.
Rc6 f5 28. Bxg5 Bd5 29. Rxa6 Rg7 30. h4 c6 31. Ra8+ Kf7 32. Ra7+ Kg6 33. Rxg7+
1-0

[Event "Monarch Assurance Isle of Man 14th"]
[Site "Port Erin IOM"]
[Date "2005.10.01"]
[Round "8.1"]
[White "Areshchenko, Alexander"]
[Black "Kobalia, Mikhail"]
[Result "1-0"]
[WhiteElo "2625"]
[BlackElo "2614"]
[PlyCount "85"]
[EventDate "2005.09.24"]
[EventType "swiss"]
[EventRounds "9"]
[EventCountry "IOM"]

1. e4 e5 2. Nf3 Nc6 3. d4 exd4 4. Nxd4 Bc5 5. Be3 Qf6 6. c3 Nge7 7. g3 d5 8.
Bg2 Bxd4 9. cxd4 dxe4 10. Nc3 O-O 11. Nxe4 Qg6 12. O-O Nb4 13. Nc5 Nbd5 14. Re1
c6 15. Rc1 Rb8 16. Qd2 Qd6 17. Bg5 f6 18. Ne4 Qc7 19. Nc3 Qd6 20. Rxe7 Qxe7 21.
Nxd5 cxd5 22. Bxd5+ Kh8 23. Bf4 Ra8 24. Rc7 Qd8 25. Bg2 Re8 26. d5 g5 27. Bxg5
Qxc7 28. Bxf6+ Kg8 29. Qg5+ Kf8 30. Qh6+ Kg8 31. Qg5+ Kf8 32. Bc3 a5 33. Qh6+
Kg8 34. Qg5+ Kf8 35. Qh6+ Kg8 36. Qf6 Re1+ 37. Bxe1 Qg7 38. Qd8+ Qf8 39. Qg5+
Qg7 40. Qd8+ Qf8 41. Qh4 Qf5 42. Be4 Qg4 43. Qxh7+ 1-0

[Event "Monarch Assurance Isle of Man 14th"]
[Site "Port Erin IOM"]
[Date "2005.10.01"]
[Round "8.3"]
[White "Gormally, Daniel"]
[Black "Epishin, Vladimir"]
[Result "1/2-1/2"]
[WhiteElo "2557"]
[BlackElo "2600"]
[PlyCount "49"]
[EventDate "2005.09.24"]
[EventType "swiss"]
[EventRounds "9"]
[EventCountry "IOM"]

1. d4 Nf6 2. Nf3 d5 3. c4 c6 4. Nc3 a6 5. a4 e6 6. Bg5 Nbd7 7. e3 h6 8. Bh4 Be7
9. Bd3 O-O 10. a5 dxc4 11. Bxc4 c5 12. O-O cxd4 13. Nxd4 Ne5 14. Be2 Bd7 15.
Qb3 Qc7 16. Bg3 Bd6 17. Rfd1 Rfd8 18. Qb6 Be8 19. Nf3 Nxf3+ 20. Bxf3 Bxg3 21.
hxg3 Rxd1+ 22. Rxd1 Qxb6 23. axb6 Kf8 24. Rd4 a5 25. Rc4 1/2-1/2

[Event "Monarch Assurance Isle of Man 14th"]
[Site "Port Erin IOM"]
[Date "2005.10.01"]
[Round "8.4"]
[White "Galkin, Alexander"]
[Black "Mikhalevski, Victor"]
[Result "1/2-1/2"]
[WhiteElo "2598"]
[BlackElo "2572"]
[PlyCount "42"]
[EventDate "2005.09.24"]
[EventType "swiss"]
[EventRounds "9"]
[EventCountry "IOM"]

1. e4 e5 2. Nf3 Nc6 3. Bb5 a6 4. Ba4 Nf6 5. O-O Nxe4 6. d4 b5 7. Bb3 d5 8. dxe5
Be6 9. Nbd2 Nc5 10. c3 d4 11. Bxe6 Nxe6 12. cxd4 Ncxd4 13. a4 Bb4 14. axb5 Nxb5
15. Qa4 Be7 16. Ne4 O-O 17. Rd1 Qc8 18. Bg5 Nxg5 19. Nexg5 Bxg5 20. Nxg5 h6 21.
Ne4 Qe6 1/2-1/2

[Event "Monarch Assurance Isle of Man 14th"]
[Site "Port Erin IOM"]
[Date "2005.10.01"]
[Round "8.5"]
[White "Korneev, Oleg"]
[Black "Erenburg, Sergey"]
[Result "1-0"]
[WhiteElo "2594"]
[BlackElo "2595"]
[PlyCount "81"]
[EventDate "2005.09.24"]
[EventType "swiss"]
[EventRounds "9"]
[EventCountry "IOM"]

1. e4 c6 2. d4 d5 3. e5 Bf5 4. Nd2 e6 5. Nb3 Nd7 6. Nf3 h6 7. Be2 Ne7 8. O-O
Bh7 9. c3 Qc7 10. Re1 a6 11. a4 c5 12. Nxc5 Nxc5 13. dxc5 Qxc5 14. Be3 Qc7 15.
Qb3 Nc6 16. Bb6 Qc8 17. Rac1 Be7 18. c4 dxc4 19. Rxc4 O-O 20. a5 Qe8 21. Qe3
Bd8 22. b4 Bxb6 23. Qxb6 Qe7 24. Nd4 Nxe5 25. Rc7 Qf6 26. Nf3 Ng6 27. Rxb7 Nf4
28. Bxa6 Nd5 29. Qd6 Rfd8 30. Rd7 Nxb4 31. Bb7 Rxd7 32. Qxd7 Rd8 33. Qc7 Bd3
34. Ne5 Bb5 35. Qc5 Rd2 36. Nf3 Qb2 37. Nxd2 Qxd2 38. Rb1 Nd3 39. Qxb5 Qxf2+
40. Kh1 Qe2 41. Qe8+ 1-0

[Event "Monarch Assurance Isle of Man 14th"]
[Site "Port Erin IOM"]
[Date "2005.10.01"]
[Round "8.6"]
[White "Kuzubov, Yuriy"]
[Black "Tiviakov, Sergei"]
[Result "1-0"]
[WhiteElo "2535"]
[BlackElo "2678"]
[PlyCount "109"]
[EventDate "2005.09.24"]
[EventType "swiss"]
[EventRounds "9"]
[EventCountry "IOM"]

1. d4 Nf6 2. c4 e6 3. Nf3 b6 4. a3 Ba6 5. Qc2 Bb7 6. Nc3 c5 7. dxc5 bxc5 8. Bf4
Nh5 9. Bd2 Be7 10. e3 Nc6 11. Bd3 Nf6 12. O-O O-O 13. Rfd1 Qc7 14. Rab1 h6 15.
h3 Rab8 16. Na2 Rfc8 17. b4 cxb4 18. axb4 Ne5 19. Nxe5 Qxe5 20. Nc3 Ba8 21. Ne2
Qg5 22. e4 Qh4 23. f4 Qh5 24. e5 Nd5 25. Qa4 Nb6 26. Qxa7 Nxc4 27. Be1 Bd8 28.
Bf2 Bb6 29. Bxb6 Nxb6 30. Rf1 Qh4 31. b5 Qd8 32. Rfc1 d6 33. Rxc8 Rxc8 34. Rd1
Bd5 35. Qa1 Nc4 36. Bxc4 Rxc4 37. Nc3 Qb6+ 38. Kh2 Bb7 39. exd6 Qf2 40. Qa2
Qxf4+ 41. g3 Qf3 42. d7 Rxc3 43. d8=Q+ Kh7 44. Rg1 Bd5 45. Qd2 Be4 46. Rg2 Qf1
47. Q8d4 Rc4 48. Q4f2 Qb1 49. Qb2 Qd1 50. Rg1 Qd6 51. Qfd2 Qb6 52. Rc1 Ra4 53.
Qf2 Qd6 54. Qxf7 e5 55. Rc7 1-0

[Event "Monarch Assurance Isle of Man 14th"]
[Site "Port Erin IOM"]
[Date "2005.10.01"]
[Round "8.7"]
[White "Ghaem Maghami, Ehsan"]
[Black "Neubauer, Martin"]
[Result "0-1"]
[WhiteElo "2603"]
[BlackElo "2468"]
[PlyCount "95"]
[EventDate "2005.09.24"]
[EventType "swiss"]
[EventRounds "9"]
[EventCountry "IOM"]

1. c4 g6 2. Nc3 c5 3. g3 Bg7 4. Bg2 Nc6 5. e3 Nh6 6. Nge2 Nf5 7. O-O Rb8 8. a3
b6 9. Rb1 Bb7 10. d3 O-O 11. b3 e6 12. b4 d6 13. Na4 Ne5 14. e4 Nd4 15. Nxd4
cxd4 16. f4 Nd7 17. Nb2 f5 18. Qe2 Qe7 19. Bd2 Rbe8 20. Rbe1 Nf6 21. b5 Nd7 22.
Bb4 Nc5 23. Bxc5 bxc5 24. a4 g5 25. exf5 Bxg2 26. Qxg2 Rxf5 27. a5 Kh8 28. Qe4
Qd8 29. a6 gxf4 30. gxf4 Bh6 31. Kh1 Ref8 32. Qxe6 Qh4 33. Qe7 Bg5 34. Qe2 Bxf4
35. Qf2 Bg3 36. Qxg3 Rxf1+ 37. Rxf1 Rxf1+ 38. Kg2 Qf6 39. b6 Rb1 40. Kh3 Qf5+
41. Qg4 Qxg4+ 42. Kxg4 Rxb2 43. bxa7 Rg2+ 44. Kf5 Rg8 45. Ke6 Ra8 46. Kxd6 Rxa7
47. Kxc5 Rxa6 48. Kxd4 0-1

[Event "Monarch Assurance Isle of Man 14th"]
[Site "Port Erin IOM"]
[Date "2005.10.01"]
[Round "8.8"]
[White "Brodsky, Michail"]
[Black "Kononenko, Tatiana"]
[Result "1-0"]
[WhiteElo "2554"]
[BlackElo "2442"]
[PlyCount "81"]
[EventDate "2005.09.24"]
[EventType "swiss"]
[EventRounds "9"]
[EventCountry "IOM"]

1. c4 c6 2. d4 d5 3. Nf3 Nf6 4. Nc3 dxc4 5. a4 Bf5 6. Ne5 Nbd7 7. Nxc4 Nb6 8.
Ne5 a5 9. f3 Nfd7 10. Nxd7 Nxd7 11. e4 Bg6 12. Qb3 Qc7 13. Be3 e6 14. Bc4 Bd6
15. h4 h5 16. Bxe6 O-O 17. Bc4 Bg3+ 18. Kf1 Bf4 19. Bg1 Kh8 20. Ne2 Bd6 21. e5
Bb4 22. Nf4 c5 23. Nxg6+ fxg6 24. e6 Nf6 25. Bh2 Qe7 26. d5 Ne4 27. Kg1 Qxh4
28. Qe3 Nf2 29. Qh6+ Kg8 30. Qxg7+ Kxg7 31. Be5+ Qf6 32. Bxf6+ Kxf6 33. Kxf2
Ke7 34. d6+ Kxd6 35. Rad1+ Ke7 36. Rd7+ Kf6 37. Rh4 Rfd8 38. Rf4+ Kg5 39. Rxd8
Rxd8 40. e7 Re8 41. Rf7 1-0

[Event "Monarch Assurance Isle of Man 14th"]
[Site "Port Erin IOM"]
[Date "2005.10.01"]
[Round "8.10"]
[White "David, Alberto"]
[Black "Zatonskih, Anna"]
[Result "1-0"]
[WhiteElo "2579"]
[BlackElo "2435"]
[PlyCount "63"]
[EventDate "2005.09.24"]
[EventType "swiss"]
[EventRounds "9"]
[EventCountry "IOM"]

1. d4 e6 2. c4 f5 3. g3 Nf6 4. Bg2 c6 5. Nh3 d6 6. Nc3 Be7 7. O-O O-O 8. d5 e5
9. f4 e4 10. Nf2 h5 11. Rb1 c5 12. b3 Na6 13. e3 Bd7 14. Bb2 Qe8 15. Qe2 Qg6
16. Kh1 Kf7 17. Rg1 Rh8 18. a3 Rh6 19. Ba1 Rah8 20. Bf1 h4 21. g4 fxg4 22. Bh3
Nh5 23. Rxg4 Ng3+ 24. hxg3 Bxg4 25. Nxg4 R6h7 26. f5 Qh5 27. Ne5+ dxe5 28. g4
Qh6 29. Nxe4 Re8 30. d6 Bg5 31. Rd1 Rhh8 32. d7 1-0

[Event "Monarch Assurance Isle of Man 14th"]
[Site "Port Erin IOM"]
[Date "2005.10.01"]
[Round "8.11"]
[White "Ikonnikov, Vyacheslav"]
[Black "Negi, Parimarjan"]
[Result "1-0"]
[WhiteElo "2560"]
[BlackElo "2376"]
[PlyCount "51"]
[EventDate "2005.09.24"]
[EventType "swiss"]
[EventRounds "9"]
[EventCountry "IOM"]

1. d4 Nf6 2. Nf3 e6 3. c4 b6 4. g3 Bb7 5. Bg2 Be7 6. O-O O-O 7. Re1 d5 8. cxd5
exd5 9. Nc3 Na6 10. Bf4 Re8 11. a3 c5 12. Qc2 Nc7 13. Rad1 Ne6 14. Be5 c4 15.
Nd2 Rc8 16. e4 dxe4 17. d5 Nc5 18. d6 Bf8 19. Bxf6 Qxf6 20. Ndxe4 Bxe4 21. Nxe4
Qd8 22. Bh3 Nd7 23. Qa4 Nc5 24. Qxe8 Qxe8 25. Nxc5 Qc6 26. Bxc8 1-0

[Event "Monarch Assurance Isle of Man 14th"]
[Site "Port Erin IOM"]
[Date "2005.10.01"]
[Round "8.12"]
[White "Lalic, Bogdan"]
[Black "Postny, Evgeny"]
[Result "1-0"]
[WhiteElo "2491"]
[BlackElo "2559"]
[PlyCount "33"]
[EventDate "2005.09.24"]
[EventType "swiss"]
[EventRounds "9"]
[EventCountry "IOM"]

1. d4 Nf6 2. c4 e6 3. Nf3 c5 4. d5 exd5 5. cxd5 b5 6. e4 Nxe4 7. Bd3 Nf6 8.
Bxb5 Qb6 9. Nc3 Ba6 10. a4 Bxb5 {(=)} 11. axb5 Be7 12. O-O O-O 13. Re1 Re8 14.
Bg5 Kf8 15. d6 Qxd6 16. Bxf6 gxf6 17. Qc2 1-0

[Event "Monarch Assurance Isle of Man 14th"]
[Site "Port Erin IOM"]
[Date "2005.10.01"]
[Round "8.13"]
[White "Howell, David W"]
[Black "Wells, Peter"]
[Result "0-1"]
[WhiteElo "2471"]
[BlackElo "2529"]
[PlyCount "72"]
[EventDate "2005.09.24"]
[EventType "swiss"]
[EventRounds "9"]
[EventCountry "IOM"]

1. e4 c5 2. Nc3 Nc6 3. f4 g6 4. Nf3 Bg7 5. g3 d6 6. Bg2 e6 7. O-O Nge7 8. d3
O-O 9. Be3 Nd4 10. Rb1 Bd7 11. Ne2 e5 12. c3 Nxf3+ 13. Bxf3 b6 14. g4 exf4 15.
Nxf4 Nc6 16. d4 Qh4 17. Ng2 Qh3 18. Bg5 h6 19. Nf4 Qxf1+ 20. Qxf1 hxg5 21. Nh3
cxd4 22. Nxg5 Bh6 23. h4 dxc3 24. bxc3 Ne5 25. Rd1 f6 26. Nh3 Rac8 27. Rxd6
Rxc3 28. Bd1 Bxg4 29. Nf2 Rg3+ 30. Kh1 Bc8 31. Qb5 Be3 32. Rxf6 Rxf6 33. Qxe5
Rxf2 34. Bb3+ Kh7 35. Qc7+ Kh6 36. Qxc8 Rg1+ 0-1

[Event "Monarch Assurance Isle of Man 14th"]
[Site "Port Erin IOM"]
[Date "2005.10.01"]
[Round "8.14"]
[White "Ulibin, Mikhail"]
[Black "Adly, Ahmed"]
[Result "1-0"]
[WhiteElo "2529"]
[BlackElo "2503"]
[PlyCount "59"]
[EventDate "2005.09.24"]
[EventType "swiss"]
[EventRounds "9"]
[EventCountry "IOM"]

1. e4 c5 2. Nf3 d6 3. Bb5+ Nd7 4. d4 Ngf6 5. Nc3 a6 6. Bxd7+ Nxd7 7. O-O e6 8.
dxc5 Nxc5 {(=)} 9. Bg5 Qc7 10. Re1 f6 11. Bh4 b5 12. a3 Bd7 13. Nd4 Kf7 14. f4
Na4 15. f5 Nxc3 16. Qh5+ Kg8 17. fxe6 Be8 18. Qf3 Na4 19. e5 Qa7 20. exf6 gxf6
21. Kh1 Nb6 22. Nf5 Bg6 23. Bxf6 h6 24. e7 Qd7 25. exf8=Q+ Rxf8 26. Re7 Rxf6
27. Nxh6+ Rxh6 28. Qxf6 Qxe7 29. Qxe7 Nc4 30. Rf1 1-0

[Event "Monarch Assurance Isle of Man 14th"]
[Site "Port Erin IOM"]
[Date "2005.10.01"]
[Round "8.15"]
[White "Fridman, Daniel"]
[Black "Zude, Erik"]
[Result "1-0"]
[WhiteElo "2566"]
[BlackElo "2424"]
[PlyCount "67"]
[EventDate "2005.09.24"]
[EventType "swiss"]
[EventRounds "9"]
[EventCountry "IOM"]

1. d4 Nf6 2. c4 g6 3. Nf3 Bg7 4. g3 O-O 5. Bg2 d6 6. Nc3 Nc6 7. O-O e5 8. dxe5
Nxe5 9. Nxe5 dxe5 10. Qxd8 Rxd8 11. Bg5 Rd4 12. b3 c6 13. Na4 h6 14. Be3 Rd8
15. Rfd1 Re8 16. h3 Nd7 17. Rd2 Nf8 18. Nc5 f5 19. Rad1 Ne6 20. Nxe6 Bxe6 21.
Bc5 a5 22. e4 a4 23. exf5 gxf5 24. Bf3 axb3 25. axb3 Bf8 26. Bxf8 Kxf8 27. Bh5
Re7 28. Rd6 Ra3 29. Re1 Bf7 30. Rf6 Rxb3 31. Rxf5 Rc3 32. Re4 b6 33. Rg4 e4 34.
Rgf4 1-0

[Event "Monarch Assurance Isle of Man 14th"]
[Site "Port Erin IOM"]
[Date "2005.10.01"]
[Round "8.16"]
[White "Yakovich, Yuri"]
[Black "Kolbus, Dietmar"]
[Result "1-0"]
[WhiteElo "2560"]
[BlackElo "2416"]
[PlyCount "155"]
[EventDate "2005.09.24"]
[EventType "swiss"]
[EventRounds "9"]
[EventCountry "IOM"]

1. c4 c6 2. d4 d5 3. Nc3 Nf6 4. e3 a6 5. Nf3 Bf5 6. Bd2 e6 7. Nh4 Bg4 8. Qb3 b5
9. cxd5 Nxd5 10. Nf3 Bxf3 11. gxf3 Nd7 12. Bg2 Nxc3 13. Qxc3 Rc8 14. Qa5 Qb6
15. f4 Qb7 16. a4 Bd6 17. axb5 axb5 18. Qa6 Qxa6 19. Rxa6 Nb8 20. Ra7 Rc7 21.
Ra8 Kd7 22. Ke2 Rhc8 23. Rc1 Rb7 24. Ba5 Be7 25. f5 Bd8 26. fxe6+ fxe6 27. Bxd8
Kxd8 28. Bh3 Ke7 29. d5 Rbc7 30. Bxe6 Rd8 31. Bg4 Rb7 32. dxc6 Nxc6 33. Ra6 Nb4
34. Re6+ Kf7 35. Re4 Na6 36. Be6+ Kf8 37. Bc8 Rb6 38. Bxa6 Rxa6 39. Rc5 Rb6 40.
Rc7 Rbd6 41. Ree7 Rd2+ 42. Kf3 Rxb2 43. Rf7+ Kg8 44. Rxg7+ Kh8 45. Rxh7+ Kg8
46. Rcg7+ Kf8 47. Rb7 Kg8 48. Rhg7+ Kh8 49. Rgd7 Rc8 50. h4 Rf8+ 51. Rf7 Rxf7+
52. Rxf7 b4 53. Rb7 b3 54. Kg3 Rb1 55. Kf4 b2 56. h5 Kg8 57. h6 Rh1 58. Rxb2
Rxh6 59. Rb8+ Kf7 60. Rb7+ Kf8 61. e4 Rh5 62. f3 Ke8 63. Kg4 Re5 64. Rb4 Kf7
65. f4 Re7 66. e5 Kg7 67. Kg5 Kf7 68. Rb5 Ra7 69. f5 Rc7 70. Rb6 Kg7 71. e6 Kf8
72. Rb8+ Ke7 73. Kg6 Ra7 74. Rb6 Ra8 75. f6+ Kf8 76. e7+ Ke8 77. Rb7 Ra6 78.
Rb8+ 1-0

[Event "Monarch Assurance Isle of Man 14th"]
[Site "Port Erin IOM"]
[Date "2005.10.01"]
[Round "8.17"]
[White "Cox, John"]
[Black "Malakhatko, Vadim"]
[Result "0-1"]
[WhiteElo "2385"]
[BlackElo "2556"]
[PlyCount "80"]
[EventDate "2005.09.24"]
[EventType "swiss"]
[EventRounds "9"]
[EventCountry "IOM"]

1. d4 d5 2. c4 c6 3. Nf3 Nf6 4. e3 Bf5 5. cxd5 cxd5 6. Qb3 Qc7 7. Bd2 Nc6 8.
Bb5 e6 9. O-O Nd7 10. Rc1 Rc8 11. Qa4 Bd6 12. Bxc6 bxc6 13. Bb4 Bxb4 14. Qxb4
Qb6 15. Qa3 c5 16. b4 c4 17. Nc3 O-O 18. Qa4 Rfd8 19. a3 h6 20. Ra2 Nf6 21. Rb2
Ne4 22. Ne5 Nxc3 23. Rxc3 Rc7 24. h3 f6 25. Nf3 Rb8 26. Qd1 Qd6 27. Nd2 Rcb7
28. e4 Bh7 29. exd5 exd5 30. Nf1 a5 31. Qh5 axb4 32. Rxb4 Rxb4 33. axb4 Be4 34.
Ng3 Rxb4 35. Rc1 Qf4 36. Re1 Kh7 37. Nxe4 dxe4 38. Qc5 Rb2 39. d5 c3 40. Qd4
Rd2 0-1

[Event "Monarch Assurance Isle of Man 14th"]
[Site "Port Erin IOM"]
[Date "2005.10.01"]
[Round "8.18"]
[White "Palliser, Richard"]
[Black "Sundararajan, Kidambi"]
[Result "1-0"]
[WhiteElo "2389"]
[BlackElo "2484"]
[PlyCount "83"]
[EventDate "2005.09.24"]
[EventType "swiss"]
[EventRounds "9"]
[EventCountry "IOM"]

1. d4 Nf6 2. c4 e6 3. Nc3 Bb4 4. f3 d5 5. a3 Bxc3+ 6. bxc3 c5 7. cxd5 Nxd5 8.
dxc5 Nd7 9. e4 Ne7 10. Be3 O-O 11. Bb5 Qa5 12. Qb3 Qc7 13. Bxd7 Bxd7 14. Rb1
Rab8 15. Ne2 e5 16. c4 Nc6 17. Nc3 Nd4 18. Bxd4 exd4 19. Nd5 Qxc5 20. Qb4 b6
21. Qxc5 bxc5 22. Kd2 Be6 23. Rb5 Rxb5 24. cxb5 Rb8 25. a4 Kf8 26. Kd3 Bxd5 27.
exd5 Ke7 28. Kc4 Kd6 29. Rb1 a6 30. b6 a5 31. b7 d3 32. Kxd3 Kxd5 33. Rb6 g6
34. g4 Ke5 35. Kc4 f5 36. Kxc5 fxg4 37. fxg4 Kf4 38. Kc6 Kxg4 39. Kc7 Rf8 40.
b8=Q Rxb8 41. Rxb8 Kh3 42. Rh8 1-0

[Event "Monarch Assurance Isle of Man 14th"]
[Site "Port Erin IOM"]
[Date "2005.10.01"]
[Round "8.19"]
[White "Neelotpal, Das"]
[Black "Roeder, Mathias"]
[Result "1/2-1/2"]
[WhiteElo "2467"]
[BlackElo "2393"]
[PlyCount "55"]
[EventDate "2005.09.24"]
[EventType "swiss"]
[EventRounds "9"]
[EventCountry "IOM"]

1. e4 c5 2. Nf3 d6 3. Nc3 Nf6 4. d4 cxd4 5. Nxd4 a6 6. Be3 e5 7. Nf3 Be7 8. Bc4
O-O 9. O-O Be6 10. Bb3 Re8 11. Nh4 Nbd7 12. Nf5 Bxf5 13. exf5 h6 14. Qf3 Qc7
15. Nd5 Nxd5 16. Bxd5 Nf6 17. Bxb7 Rab8 18. Bxa6 Qxc2 19. b3 d5 20. Rfc1 Qb2
21. Qd1 Qa3 22. Rc6 d4 23. Bc1 Qa5 24. Bc4 e4 25. Bf4 Rbd8 26. Bc7 Qxf5 27.
Bxd8 Rxd8 28. h3 1/2-1/2

[Event "Monarch Assurance Isle of Man 14th"]
[Site "Port Erin IOM"]
[Date "2005.10.01"]
[Round "8.20"]
[White "Zimmerman, Yuri"]
[Black "Kunin, Vitaly"]
[Result "0-1"]
[WhiteElo "2375"]
[BlackElo "2448"]
[PlyCount "176"]
[EventDate "2005.09.24"]
[EventType "swiss"]
[EventRounds "9"]
[EventCountry "IOM"]

1. d4 d5 2. c4 dxc4 3. Nf3 Nf6 4. e3 Bg4 5. Bxc4 e6 6. Nc3 a6 7. Be2 Nc6 8. O-O
Bd6 9. Qb3 O-O 10. Rd1 Qe7 11. h3 Bf5 12. Nh4 Be4 13. Nxe4 Nxe4 14. Nf3 Rab8
15. Nd2 Nxd2 16. Bxd2 Qh4 17. Bc3 Ne7 18. Bf3 Ng6 19. Qc2 Qg5 20. Qe2 Nh4 21.
g3 Nxf3+ 22. Qxf3 c6 23. e4 f5 24. e5 Bc7 25. Bb4 Rfd8 26. Kg2 Rd5 27. Qe3 Qd8
28. Rd2 Ba5 29. Bxa5 Qxa5 30. a3 Rbd8 31. b4 Qb6 32. Rad1 a5 33. Qc3 Ra8 34.
Rb2 Rb5 35. Rdb1 a4 36. Rd2 Rd5 37. Rbd1 Qb5 38. Rc1 Rad8 39. Kh2 Kf7 40. Qe3
Kg8 41. Kg2 Qb6 42. Rcd1 R8d7 43. Qc3 Qd8 44. Rd3 Qa8 45. Rc1 f4 46. g4 Qd8 47.
Rcd1 Qh4 48. Qd2 Rf7 49. Qe2 Rxd4 50. Rxd4 f3+ 51. Qxf3 Rxf3 52. Kxf3 Qxh3+ 53.
Kf4 h5 54. gxh5 Qf5+ 55. Kg3 Qxe5+ 56. Kg2 Qg5+ 57. Kf1 Qxh5 58. R1d3 Qh1+ 59.
Ke2 Qh5+ 60. Kf1 e5 61. Rd8+ Kh7 62. Rg3 Qf5 63. Rdd3 e4 64. Rc3 b6 65. Rge3
Qd5 66. Ke2 Kg6 67. Rg3+ Kf6 68. Rge3 g5 69. Rc2 Kf5 70. Rcc3 g4 71. Rg3 Kf4
72. Ke1 Qe6 73. Rc2 Ke5 74. Re3 Qh6 75. Ke2 Qh5 76. Ke1 Qh1+ 77. Ke2 Kd5 78.
Rec3 Qh6 79. Rd2+ Ke5 80. Rdc2 Qf6 81. Re3 Qg6 82. Rec3 Qf5 83. Re3 Kd4 84.
Rec3 Qd5 85. Re3 Qb5+ 86. Ke1 c5 87. Rce2 Qc6 88. bxc5 bxc5 0-1

[Event "Monarch Assurance Isle of Man 14th"]
[Site "Port Erin IOM"]
[Date "2005.10.01"]
[Round "8.21"]
[White "Aagaard, Jacob"]
[Black "Gupta, Abhijeet"]
[Result "0-1"]
[WhiteElo "2442"]
[BlackElo "2380"]
[PlyCount "58"]
[EventDate "2005.09.24"]
[EventType "swiss"]
[EventRounds "9"]
[EventCountry "IOM"]

1. e4 c5 2. Nf3 d6 3. d4 cxd4 4. Nxd4 Nf6 5. Nc3 Nc6 6. Bg5 e6 7. Qd2 Be7 8.
O-O-O Nxd4 9. Qxd4 O-O 10. f4 Qa5 11. Bc4 Bd7 12. e5 dxe5 13. fxe5 Bc6 14. Bd2
Nd7 15. Nd5 Qd8 16. Nxe7+ Qxe7 17. Rhe1 Rfd8 18. Qg4 {(=)} Nf8 19. Bd3 Rd5 20.
h4 Ng6 21. Bg5 Qc7 22. Bxg6 hxg6 23. h5 Rxd1+ 24. Qxd1 Qa5 25. h6 f6 26. Bh4
Rd8 27. Qg4 Qxa2 28. c4 f5 29. Qe2 Rd4 0-1

[Event "Monarch Assurance Isle of Man 14th"]
[Site "Port Erin IOM"]
[Date "2005.10.01"]
[Round "8.22"]
[White "Greet, Andrew N"]
[Black "Bosboom-Lanchava, T."]
[Result "1-0"]
[WhiteElo "2425"]
[BlackElo "2363"]
[PlyCount "69"]
[EventDate "2005.09.24"]
[EventType "swiss"]
[EventRounds "9"]
[EventCountry "IOM"]

1. e4 d6 2. d4 g6 3. Nc3 Bg7 4. f4 Nf6 5. Nf3 O-O 6. Bd3 Na6 7. O-O c5 8. d5
Nc7 9. Qe1 Rb8 10. f5 b5 11. fxg6 fxg6 12. Qh4 Qd7 13. e5 Nfxd5 14. Nxd5 Nxd5
15. Ng5 Rxf1+ 16. Kxf1 h6 17. Bxg6 hxg5 18. Bxg5 dxe5 19. Qh7+ Kf8 20. Bh6 e6
21. Qh8+ Ke7 22. Bxg7 Ne3+ 23. Ke2 Qd5 24. Qe8+ Kd6 25. Kxe3 Kc7 26. Qf7+ Kb6
27. Be4 Qd4+ 28. Kf3 Qxb2 29. Rd1 Qc3+ 30. Rd3 Qe1 31. Rd6+ Ka5 32. Qxa7+ Kb4
33. a3+ Kc4 34. Bd3+ Kc3 35. Qxc5+ 1-0

[Event "Monarch Assurance Isle of Man 14th"]
[Site "Port Erin IOM"]
[Date "2005.10.01"]
[Round "8.23"]
[White "Sulskis, Sarunas"]
[Black "Goletiani, Rusudan"]
[Result "1-0"]
[WhiteElo "2535"]
[BlackElo "2332"]
[PlyCount "91"]
[EventDate "2005.09.24"]
[EventType "swiss"]
[EventRounds "9"]
[EventCountry "IOM"]

1. e4 c5 2. Nf3 e6 3. d4 cxd4 4. Nxd4 a6 5. Bd3 Bc5 6. Be3 d6 7. O-O Nf6 8. Qe2
Nbd7 9. Nd2 Ne5 10. h3 Nxd3 11. cxd3 e5 12. N4f3 Bxe3 13. Qxe3 O-O 14. d4 exd4
15. Nxd4 Re8 16. Rfe1 Bd7 17. Qd3 b5 18. Rad1 Qb6 19. Kh2 Re7 20. Re3 Rae8 21.
Rde1 Qc5 22. f4 Qh5 23. Kg1 Qc5 24. g4 Bc8 25. b4 Qb6 26. Kh2 g6 27. Nf1 Rc7
28. Nd2 Bb7 29. Kg3 Rec8 30. N4f3 a5 31. bxa5 Qxa5 32. Qxd6 Rc6 33. Qe7 R8c7
34. Qd8+ Kg7 35. e5 Ng8 36. e6 fxe6 37. Rxe6 Rxe6 38. Rxe6 Bxf3 39. Nxf3 Ra7
40. Qd4+ Kf7 41. Ng5+ Kf8 42. Qc5+ Ne7 43. Nxh7+ Kf7 44. Ng5+ Kf8 45. Qe5 Ke8
46. Qb8+ 1-0

[Event "Monarch Assurance Isle of Man 14th"]
[Site "Port Erin IOM"]
[Date "2005.10.01"]
[Round "8.24"]
[White "Radovanovic, Jovica"]
[Black "Bobras, Piotr"]
[Result "1-0"]
[WhiteElo "2357"]
[BlackElo "2525"]
[PlyCount "59"]
[EventDate "2005.09.24"]
[EventType "swiss"]
[EventRounds "9"]
[EventCountry "IOM"]

1. Nf3 Nf6 2. g3 d5 3. c4 c6 4. b3 Bg4 5. Bg2 Nbd7 6. Bb2 e6 7. O-O Bd6 8. d3
Bxf3 9. Bxf3 h5 10. cxd5 exd5 11. e4 dxe4 12. Re1 h4 13. Nd2 hxg3 14. hxg3 Qc7
15. Nxe4 O-O-O 16. Nxd6+ Qxd6 17. b4 a6 18. Qb3 Nd5 19. a4 Nxb4 20. Bxg7 Rhg8
21. Qxf7 Nxd3 22. Re3 Rxg7 23. Qxg7 N7e5 24. Rd1 Qd4 25. Qf6 c5 26. Rb1 Rd7 27.
Bg2 c4 28. Bh3 Ng4 29. Qxd4 Rxd4 30. f3 1-0

[Event "Monarch Assurance Isle of Man 14th"]
[Site "Port Erin IOM"]
[Date "2005.10.01"]
[Round "8.25"]
[White "Gladyszev, Oleg"]
[Black "Zozulia, Anna"]
[Result "1-0"]
[WhiteElo "2436"]
[BlackElo "2314"]
[PlyCount "79"]
[EventDate "2005.09.24"]
[EventType "swiss"]
[EventRounds "9"]
[EventCountry "IOM"]

1. d4 Nf6 2. c4 g6 3. Nc3 Bg7 4. e4 d6 5. f4 O-O 6. Nf3 c5 7. dxc5 Qa5 8. Bd3
Qxc5 9. Qe2 Bg4 10. Be3 Qa5 11. O-O Nc6 12. Rac1 Nd7 13. Qf2 Bxf3 14. gxf3 Qh5
15. Kh1 Nc5 16. Bb1 Rac8 17. Rg1 Kh8 18. Rg4 Ne6 19. e5 g5 20. f5 Nxe5 21. fxe6
fxe6 22. Rxg5 Qxf3+ 23. Qxf3 Rxf3 24. Rcg1 Rf7 25. Bd4 Bf6 26. Bxe5 Bxe5 27.
R5g4 Rf4 28. Rxf4 Bxf4 29. b3 d5 30. Bd3 Be5 31. Ne2 Rf8 32. Kg2 Bd6 33. Ng3
Rf4 34. Rf1 Rd4 35. Rf3 Kg8 36. cxd5 exd5 37. Nf5 Rg4+ 38. Kh3 Rb4 39. Nxd6
exd6 40. Rf5 1-0

[Event "Monarch Assurance Isle of Man 14th"]
[Site "Port Erin IOM"]
[Date "2005.10.01"]
[Round "8.26"]
[White "Mannion, Stephen"]
[Black "Dworakowska, Joanna"]
[Result "1-0"]
[WhiteElo "2331"]
[BlackElo "2401"]
[PlyCount "55"]
[EventDate "2005.09.24"]
[EventType "swiss"]
[EventRounds "9"]
[EventCountry "IOM"]

1. e4 c5 2. Nf3 Nc6 3. d4 cxd4 4. Nxd4 Nf6 5. Nc3 d6 6. Bg5 e6 7. Qd2 a6 8.
O-O-O Bd7 9. f3 h6 10. Be3 b5 11. Nxc6 Bxc6 12. Bd3 Qc7 13. Rhe1 Be7 14. Kb1 b4
15. Ne2 d5 16. e5 Nd7 17. Nd4 Nc5 18. f4 Na4 19. f5 Bd7 20. Qf2 exf5 21. Bxf5
O-O 22. Qg3 Kh8 23. Qh3 Nc3+ 24. Ka1 Nxd1 25. Bxh6 g6 26. Bxf8+ Kg8 27. Bxe7
Bxf5 28. Qh4 1-0